El mísero salario del magisterio: una asignatura pendiente /
Shranjeno v:
| Glavni avtor: | |
|---|---|
| Format: | Texto |
| Oznake: |
Označite
Brez oznak, prvi označite!
|
MARC
| LEADER | 00000 a a2200000 04500 | ||
|---|---|---|---|
| 001 | 45306 | ||
| 003 | |||
| 040 | |||
| 100 | |a Acevedo Vogl, Adolfo | ||
| 245 | |a El mísero salario del magisterio: |b una asignatura pendiente / |c Adolfo Acevedo Vogl | ||
| 773 | |g volumen26, número302 ( , 2007), páginas 20-25 | ||
| 999 | |c 19897 |d 19897 | ||
